[Event "International Championship of Central S"]
[Site "Paracin"]
[Date "2014.07.07"]
[Round "4.1"]
[White "Dimitrijevic, Dusan"]
[Black "Milosevic, Rade"]
[Result "0-1"]
[WhiteElo "2067"]
[BlackElo "2100"]
[PlyCount "84"]
[EventDate "2014.07.04"]

1. d4 Nf6 2. c4 e6 3. Nc3 Bb4 4. e3 O-O 5. Nge2 b6 6. a3 Bxc3+ 7. Nxc3 Bb7 8.
d5 d6 9. Bd3 e5 10. b3 Nbd7 11. Bb2 c6 12. O-O cxd5 13. cxd5 Nc5 14. Bc2 Ba6
15. Re1 Qe7 16. b4 Ncd7 17. f4 Rac8 18. Ba4 Rc7 19. Bc6 Qd8 20. a4 e4 21. Qd4
Bd3 22. Nb5 Bxb5 23. axb5 Qe7 24. Ra2 Nb8 25. Rea1 Nxc6 26. bxc6 Rb8 27. Bc3
Ne8 28. g4 f5 29. g5 Qf7 30. b5 Re7 31. Bb4 Rc8 32. Ra6 Rcc7 33. Qd2 Qh5 34.
Qg2 Qf7 35. Qd2 Qh5 36. Qg2 Qf7 37. Rd1 Qh5 38. Rd2 Qh4 39. Kf1 Qh5 40. Ke1 Kf7
41. Re2 Kg8 42. Kd2 Qf7 0-1

[Event "International Championship of Central S"]
[Site "Paracin"]
[Date "2014.07.07"]
[Round "4.3"]
[White "Marjanovics, Gyorgy"]
[Black "Arandjelovic, Aleksandar Z"]
[Result "1/2-1/2"]
[WhiteElo "2070"]
[BlackElo "2060"]
[PlyCount "41"]
[EventDate "2014.07.04"]

1. e4 c5 2. Nf3 d6 3. d4 cxd4 4. Nxd4 Nf6 5. Nc3 a6 6. Bg5 e6 7. Qf3 Nbd7 8.
O-O-O Qc7 9. Qg3 b5 10. Bxb5 Rb8 11. Ba4 Be7 12. Nc6 Nc5 13. Nxe7+ Nxa4 14.
Bxf6 gxf6 15. Nxc8 Rxc8 16. Qxd6 Nxc3 17. bxc3 Qxc3 18. Qd7+ Kf8 19. Qd6+ Ke8
20. Qd7+ Kf8 21. Qd6+ 1/2-1/2

[Event "International Championship of Central S"]
[Site "Paracin"]
[Date "2014.07.07"]
[Round "4.4"]
[White "Colovic, Zoran"]
[Black "Nikolovski, Nikola"]
[Result "0-1"]
[WhiteElo "2088"]
[BlackElo "2017"]
[PlyCount "78"]
[EventDate "2014.07.04"]

1. e4 c5 2. Nf3 d6 3. d4 cxd4 4. Nxd4 Nf6 5. Nc3 Nc6 6. Bg5 e6 7. Ndb5 a6 8.
Na3 b5 9. Naxb5 axb5 10. Bxb5 Bd7 11. a4 Be7 12. O-O Qc7 13. h3 O-O 14. Qe2
Rfc8 15. Rfd1 Ne5 16. f4 Bxb5 17. Nxb5 Qc5+ 18. Kh2 Ng6 19. c3 h6 20. Bxf6 Nxf4
21. Qf3 Bxf6 22. g3 Ng6 23. Nxd6 Rcb8 24. Nb5 Ne5 25. Qe2 g5 26. b4 Qc6 27. Rf1
Kg7 28. Qf2 Be7 29. Qd4 f6 30. Qe3 Rd8 31. Nd4 Qc4 32. a5 Bxb4 33. Nxe6+ Qxe6
34. cxb4 Rd3 35. Qe2 Rad8 36. Rad1 Qc4 37. Rxd3 Rxd3 38. Qf2 Rd2 39. Qxd2 Qxf1
0-1

[Event "International Championship of Central S"]
[Site "Paracin"]
[Date "2014.07.07"]
[Round "4.5"]
[White "Radovanovic, Miroljub B"]
[Black "Petrovic, Marija"]
[Result "1-0"]
[WhiteElo "1974"]
[BlackElo "2087"]
[PlyCount "71"]
[EventDate "2014.07.04"]

1. e4 e5 2. Nf3 Qe7 3. Nc3 c6 4. Bc4 h6 5. O-O Nf6 6. d4 d6 7. h3 Qc7 8. Be3
Be7 9. Qd2 Nbd7 10. a4 a5 11. Bb3 Nf8 12. Qd3 Ng6 13. Ne2 O-O 14. Ng3 b6 15.
Rfe1 exd4 16. Nxd4 Ne5 17. Qd2 c5 18. Nb5 Qd8 19. f4 Ng6 20. Rad1 Ne8 21. Bd5
Rb8 22. Nf5 Bf6 23. Nfxd6 Nxd6 24. Nxd6 Be6 25. e5 Bxd5 26. Qxd5 Bh4 27. Rf1
Qe7 28. g3 Qd7 29. Kg2 Bd8 30. f5 Ne7 31. Qc4 Qc6+ 32. Kh2 Bc7 33. f6 Ng6 34.
fxg7 Kxg7 35. Rxf7+ Kh8 36. Qe6 1-0

[Event "International Championship of Central S"]
[Site "Paracin"]
[Date "2014.07.07"]
[Round "4.6"]
[White "Dyulgerov, Dimitar"]
[Black "Djordjevic, Danilo"]
[Result "1/2-1/2"]
[WhiteElo "1977"]
[BlackElo "2080"]
[PlyCount "71"]
[EventDate "2014.07.04"]

1. d4 Nf6 2. c4 e6 3. Nc3 d5 4. Nf3 c6 5. cxd5 exd5 6. Qc2 g6 7. Bg5 Be7 8. e3
Bf5 9. Bd3 Bxd3 10. Qxd3 O-O 11. O-O Nbd7 12. a3 a5 13. h3 Re8 14. Bf4 Ne4 15.
Nxe4 dxe4 16. Qxe4 Bxa3 17. Qc2 Bb4 18. e4 Qe7 19. e5 Nb6 20. Rad1 Nd5 21. Bc1
Rac8 22. Ng5 f6 23. exf6 Nxf6 24. Qb3+ Nd5 25. Rd3 Qe2 26. Re3 Rxe3 27. fxe3
Rf8 28. Qd1 Qxd1 29. Rxd1 b6 30. Nf3 Re8 31. Ne5 Kg7 32. Kf2 Nf6 33. Ke2 Ne4
34. Kf3 Ng5+ 35. Ke2 Ne4 36. Kf3 1/2-1/2

[Event "International Championship of Central S"]
[Site "Paracin"]
[Date "2014.07.07"]
[Round "4.7"]
[White "Isak, Igor G"]
[Black "Zajic, Milun"]
[Result "0-1"]
[WhiteElo "2062"]
[BlackElo "1970"]
[PlyCount "98"]
[EventDate "2014.07.04"]

1. d4 Nf6 2. c4 e6 3. Nc3 Bb4 4. g3 c5 5. Nf3 O-O 6. Bg2 d6 7. O-O Bxc3 8. bxc3
Qe7 9. Bf4 Rd8 10. Qc2 h6 11. Rfe1 Nc6 12. Rad1 Nd7 13. d5 Nce5 14. Nxe5 Nxe5
15. Bxe5 dxe5 16. e4 b6 17. Bf1 g5 18. Be2 Bd7 19. Qc1 Kg7 20. Kh1 Qf6 21. Qe3
Rg8 22. Rf1 exd5 23. cxd5 Bh3 24. Rg1 Bd7 25. Rdf1 Qe7 26. Bh5 Raf8 27. f4 f6
28. f5 c4 29. h4 Rc8 30. Rf2 Qd6 31. Rh2 a5 32. hxg5 hxg5 33. Bg6 Rh8 34. Rgg2
Ba4 35. Qd2 b5 36. Rxh8 Rxh8+ 37. Rh2 Qb8 38. Qf2 Qc7 39. d6 Qb7 40. Rxh8 Kxh8
41. Qh2+ Kg8 42. Qh7+ Qxh7+ 43. Bxh7+ Kf8 44. Bg8 Ke8 45. Kg2 Kd7 46. Kf2 Kxd6
47. Ke3 Kc5 48. Be6 b4 49. Kd2 Bc6 0-1

[Event "International Championship of Central S"]
[Site "Paracin"]
[Date "2014.07.07"]
[Round "4.9"]
[White "Jakovljevic, Dejan"]
[Black "Ljangov, Petar"]
[Result "1-0"]
[WhiteElo "1962"]
[BlackElo "2046"]
[PlyCount "57"]
[EventDate "2014.07.04"]

1. e4 c5 2. c3 Nf6 3. e5 Nd5 4. d4 cxd4 5. Qxd4 e6 6. Nf3 Nc6 7. Qe4 d6 8. Bb5
Bd7 9. c4 Nc7 10. Bg5 Qc8 11. exd6 Bxd6 12. O-O O-O 13. Nc3 h6 14. Rfd1 Ne8 15.
Qh4 f6 16. Be3 Nb8 17. Ne4 Be7 18. Ne5 Bc6 19. Ng6 Rf7 20. Rd3 Nd7 21. Bxh6
gxh6 22. Rg3 Kh7 23. Rh3 Rg7 24. Qxh6+ Kg8 25. Nxe7+ Rxe7 26. Qh8+ Kf7 27. Rh7+
Kg6 28. Rxe7 Ne5 29. Qh7# 1-0

[Event "International Championship of Central S"]
[Site "Paracin"]
[Date "2014.07.07"]
[Round "4.10"]
[White "Lazic, Milan B"]
[Black "Konstantinov, Aleksandar"]
[Result "0-1"]
[WhiteElo "2022"]
[BlackElo "1828"]
[PlyCount "86"]
[EventDate "2014.07.04"]

1. e4 e6 2. d4 d5 3. Nd2 Nc6 4. Bb5 a6 5. Bxc6+ bxc6 6. Ngf3 Nf6 7. e5 Nd7 8.
O-O c5 9. c3 cxd4 10. cxd4 c5 11. Re1 Be7 12. Nf1 Rb8 13. b3 O-O 14. Be3 Bb7
15. Rc1 cxd4 16. Qxd4 Re8 17. Qa7 Qa5 18. Rc2 Nxe5 19. Nxe5 Qxe1 20. Rc7 Bd6
21. Nd3 Qb1 22. Rxb7 Rxb7 23. Qxb7 Qxd3 24. Qd7 Bxh2+ 25. Kxh2 Qb5 26. Qxb5
axb5 27. a3 e5 28. Bc5 Rc8 29. Bb4 f6 30. Ne3 d4 31. Nf5 Rc2 32. Kg3 Rb2 33.
Kf3 Rxb3+ 34. Ke2 Rb2+ 35. Kf3 g6 36. Nd6 f5 37. Kg3 e4 38. Kf4 d3 39. Nxb5
Rxf2+ 40. Ke3 Re2+ 41. Kd4 d2 42. Nc3 Re1 43. a4 d1=Q+ 0-1

[Event "International Championship of Central S"]
[Site "Paracin"]
[Date "2014.07.07"]
[Round "4.11"]
[White "Tosic, Dragoljub"]
[Black "Manelidis, Savvas"]
[Result "0-1"]
[WhiteElo "1952"]
[BlackElo "2000"]
[PlyCount "53"]
[EventDate "2014.07.04"]

1. d4 d5 2. Nf3 Nf6 3. c4 e6 4. Bg5 Be7 5. e3 c6 6. Nc3 O-O 7. Bxf6 Bxf6 8.
cxd5 exd5 9. Bd3 a5 10. Qc2 h6 11. h4 Na6 12. Ng5 Nb4 13. Bh7+ Kh8 14. Qb1 Bxg5
15. hxg5 Qxg5 16. Ne2 f5 17. a3 Na6 18. Nf4 Kxh7 19. Qd3 Nc7 20. O-O Ne6 21.
Nh3 Qg6 22. f4 b6 23. Qd2 Ba6 24. Qc3 Bb5 25. Qc2 Qg3 26. b3 Ba6 27. Rfe1 0-1

[Event "International Championship of Central S"]
[Site "Paracin"]
[Date "2014.07.07"]
[Round "4.12"]
[White "Zivanovic, Blagoje"]
[Black "Milosevic, Jovana"]
[Result "1-0"]
[WhiteElo "1931"]
[BlackElo "1990"]
[PlyCount "107"]
[EventDate "2014.07.04"]

1. e4 c5 2. c4 d6 3. Ne2 Nf6 4. Nbc3 Nc6 5. d3 g6 6. g3 Bg4 7. Bg2 Qc8 8. h3
Bd7 9. Nd5 Bg7 10. Nec3 Nxd5 11. Nxd5 O-O 12. Rb1 h6 13. a3 Kh7 14. b4 e6 15.
Nf4 Nd4 16. Bb2 Rb8 17. b5 a5 18. Ne2 Nxe2 19. Qxe2 Bxb2 20. Qxb2 e5 21. Qd2 b6
22. Kd1 Qd8 23. Kc2 f5 24. f4 Qf6 25. Rbf1 Qg7 26. Rf2 Be6 27. Qc3 exf4 28.
Qxg7+ Kxg7 29. gxf4 fxe4 30. Bxe4 Bf5 31. Bc6 Rf6 32. h4 h5 33. Re1 Re6 34.
Rfe2 Rxe2+ 35. Rxe2 Kf6 36. Kd2 Rd8 37. Bd5 Bg4 38. Re4 Bf3 39. Re6+ Kf5 40.
Ke3 Bxd5 41. cxd5 Kg4 42. Rxg6+ Kxh4 43. Kf3 Kh3 44. f5 h4 45. f6 Rf8 46. Kf4
Kh2 47. Kf5 h3 48. Rg7 Kh1 49. f7 h2 50. Kf6 a4 51. Ke7 Ra8 52. Kxd6 c4 53.
dxc4 Rg8 54. Rh7 1-0

[Event "International Championship of Central S"]
[Site "Paracin"]
[Date "2014.07.07"]
[Round "4.13"]
[White "Ivic, Matija"]
[Black "Chetina, Elizaveta"]
[Result "0-1"]
[WhiteElo "1988"]
[BlackElo "1890"]
[PlyCount "50"]
[EventDate "2014.07.04"]

1. c4 Nf6 2. g3 e5 3. Bg2 Bc5 4. Nf3 d6 5. O-O Nc6 6. Nc3 a6 7. a3 O-O 8. d3 h6
9. b4 Ba7 10. Bb2 Bg4 11. h3 Be6 12. Nd2 Rb8 13. Nd5 Bxd5 14. cxd5 Ne7 15. Qb3
Nh5 16. Kh2 f5 17. Bxe5 dxe5 18. d6+ Kh8 19. dxe7 Qxe7 20. Rac1 c6 21. a4 Rbd8
22. Nc4 f4 23. g4 f3 24. Bxf3 Rxf3 25. exf3 Nf4 0-1

[Event "International Championship of Central S"]
[Site "Paracin"]
[Date "2014.07.07"]
[Round "4.14"]
[White "Raykov, Stefan"]
[Black "Aleksic, Neven"]
[Result "0-1"]
[WhiteElo "1845"]
[BlackElo "1981"]
[PlyCount "58"]
[EventDate "2014.07.04"]

1. e4 e5 2. Nf3 Nc6 3. Nc3 Nf6 4. Bb5 Bb4 5. O-O O-O 6. d3 d6 7. Bg5 Bxc3 8.
bxc3 Bg4 9. h3 Bh5 10. g4 Bg6 11. Nh2 d5 12. f4 h6 13. Bh4 Qd6 14. Bxc6 bxc6
15. fxe5 Qxe5 16. Qd2 dxe4 17. d4 Qd6 18. Bxf6 gxf6 19. Qxh6 Qg3+ 20. Kh1 Qxc3
21. g5 f5 22. Rad1 Rad8 23. h4 Qh3 24. c3 Rfe8 25. Rde1 Re6 26. Kg1 f4 27. Rf2
Qg3+ 28. Kf1 Bf5 29. Qh5 Bh3+ 0-1

[Event "International Championship of Central S"]
[Site "Paracin"]
[Date "2014.07.07"]
[Round "4.15"]
[White "Vassilev, Martin"]
[Black "Rasic, Jovan"]
[Result "0-1"]
[WhiteElo "1867"]
[BlackElo "2072"]
[PlyCount "80"]
[EventDate "2014.07.04"]

1. d4 Nf6 2. c4 e5 3. dxe5 Ng4 4. Nf3 Bc5 5. e3 Nc6 6. Nc3 Ngxe5 7. Nxe5 Nxe5
8. f4 Ng6 9. Bd3 O-O 10. O-O Re8 11. Ne4 Bf8 12. Ng5 Be7 13. h4 Nf8 14. g3 h6
15. Nf3 Bc5 16. Re1 d5 17. Ne5 dxc4 18. Bxc4 Be6 19. Qb3 Qf6 20. Nd3 Bb6 21.
Bd2 Rad8 22. Kg2 Bxc4 23. Qxc4 Qd6 24. Ne5 Qxd2+ 25. Re2 Qd5+ 26. Qxd5 Rxd5 27.
Rc1 c6 28. b3 Nd7 29. Nc4 f5 30. Kf3 Bc7 31. Rd2 Nb6 32. Rxd5 Nxd5 33. Re1 b5
34. Nb2 Bb6 35. Nd1 Kf7 36. e4 Ba5 37. Re2 fxe4+ 38. Rxe4 Rxe4 39. Kxe4 Nc3+
40. Nxc3 Bxc3 0-1

[Event "International Championship of Central S"]
[Site "Paracin"]
[Date "2014.07.07"]
[Round "4.16"]
[White "Rakic, Ognjan"]
[Black "Djuretanovic, Ivan"]
[Result "1/2-1/2"]
[WhiteElo "1809"]
[BlackElo "2064"]
[PlyCount "81"]
[EventDate "2014.07.04"]

1. e4 e5 2. Nf3 Nc6 3. d4 exd4 4. Nxd4 d6 5. Nc3 Nf6 6. Nxc6 bxc6 7. Bd3 Be7 8.
O-O O-O 9. f3 Nd7 10. f4 Nc5 11. Be3 Nxd3 12. cxd3 d5 13. Bf2 a5 14. Qh5 g6 15.
Qf3 Rb8 16. b3 Bf6 17. Rac1 Bb7 18. Na4 dxe4 19. dxe4 Bd4 20. f5 f6 21. Kh1 Be5
22. Nc5 Bc8 23. Rfd1 Qe7 24. Nd3 Bd6 25. Re1 Bb7 26. e5 fxe5 27. Nc5 Rxf5 28.
Qe2 Rbf8 29. Be3 Bc8 30. Ne4 Kg7 31. Qd2 Bb4 32. Bh6+ Kg8 33. Bxf8 Qxf8 34. Nc3
Rf2 35. Qd3 Be6 36. Rf1 Bxc3 37. Rxf2 Qxf2 38. Qxc3 Bd5 39. Rg1 e4 40. Qxa5 e3
41. Qxc7 1/2-1/2

[Event "International Championship of Central S"]
[Site "Paracin"]
[Date "2014.07.07"]
[Round "4.17"]
[White "Nikic, Dragan"]
[Black "Milutinovic, Stefana"]
[Result "0-1"]
[WhiteElo "1840"]
[BlackElo "2055"]
[PlyCount "60"]
[EventDate "2014.07.04"]

1. e4 c5 2. Nf3 d6 3. d4 cxd4 4. Nxd4 Nf6 5. Nc3 a6 6. Bg5 e6 7. f4 h6 8. Bh4
Qb6 9. Qd2 Qxb2 10. Rb1 Qa3 11. Be2 Be7 12. Bf2 Nbd7 13. O-O Qa5 14. Be3 Qc7
15. Bf3 O-O 16. Nce2 Nc5 17. Ng3 Rb8 18. Rbd1 Rd8 19. e5 Nfd7 20. exd6 Qxd6 21.
Qf2 Qc7 22. Be2 b6 23. f5 e5 24. Ne6 fxe6 25. fxe6 Nf6 26. Nf5 Bxe6 27. Nxh6+
gxh6 28. Bxh6 Nce4 29. Qf3 Rxd1 30. Bxd1 Qc3 0-1

[Event "International Championship of Central S"]
[Site "Paracin"]
[Date "2014.07.07"]
[Round "4.18"]
[White "Thomassen, Thomas"]
[Black "Mirkovic, Dejan"]
[Result "1-0"]
[WhiteElo "2050"]
[BlackElo "1842"]
[PlyCount "86"]
[EventDate "2014.07.04"]

1. c4 c6 2. g3 Nf6 3. Bg2 g6 4. Nf3 Bg7 5. O-O O-O 6. Nc3 d5 7. b3 d4 8. Na4
Bg4 9. Bb2 Bxf3 10. Bxf3 Na6 11. Rc1 Rc8 12. Ba1 e5 13. Nb2 Qa5 14. a4 Rcd8 15.
d3 Rfe8 16. Qc2 Nc5 17. e4 dxe3 18. fxe3 Qb4 19. Bd1 Re6 20. Qc3 Qb6 21. a5 Qc7
22. b4 Ncd7 23. e4 b6 24. axb6 axb6 25. Be2 Bh6 26. Rb1 Be3+ 27. Kg2 h5 28. h3
Ra8 29. Qb3 Ree8 30. Nd1 Bd4 31. Nc3 Ra7 32. Bb2 Rea8 33. Rbc1 Kg7 34. Qc2 Nf8
35. b5 Ne6 36. bxc6 Bxc3 37. Qxc3 Nd4 38. Rf2 Nh7 39. Rcf1 Qxc6 40. Kh2 f6 41.
Bf3 Qd7 42. h4 Rc8 43. Bg2 Qd6 {unreadable} 1-0

[Event "International Championship of Central S"]
[Site "Paracin"]
[Date "2014.07.07"]
[Round "4.19"]
[White "Bozinovic, Boban"]
[Black "Gagic, Miroljub"]
[Result "1-0"]
[WhiteElo "2011"]
[BlackElo "1851"]
[PlyCount "66"]
[EventDate "2014.07.04"]

1. e4 c5 2. Nf3 Nc6 3. d4 cxd4 4. Nxd4 g6 5. Be3 Bg7 6. Nc3 Nf6 7. Bc4 Qa5 8.
O-O a6 9. Bb3 O-O 10. f3 d6 11. Qd2 Qc7 12. Rad1 Bd7 13. Rfe1 Rac8 14. Nde2 Ne5
15. Nf4 Bc6 16. Nfd5 Nxd5 17. exd5 Bd7 18. Bd4 Rfe8 19. Qf2 Nc4 20. Bxg7 Kxg7
21. Ne4 Bf5 22. Qd4+ Kg8 23. Bxc4 Qxc4 24. Qxc4 Rxc4 25. Nxd6 exd6 26. Rxe8+
Kg7 27. Rd8 Rxc2 28. Rxd6 Rxb2 29. Rd8 Rxa2 30. d6 b5 31. d7 Bxd7 32. R8xd7 b4
33. Rb7 a5 1-0

[Event "International Championship of Central S"]
[Site "Paracin"]
[Date "2014.07.07"]
[Round "4.20"]
[White "Injac, Teodora"]
[Black "Lojovic, Matija"]
[Result "1/2-1/2"]
[WhiteElo "1984"]
[BlackElo "1839"]
[PlyCount "80"]
[EventDate "2014.07.04"]

1. d4 d5 2. Nf3 c6 3. c4 Nf6 4. Nbd2 e6 5. e3 Be7 6. Bd3 Nbd7 7. O-O O-O 8. e4
dxe4 9. Nxe4 Nxe4 10. Bxe4 Nf6 11. Bc2 h6 12. b3 c5 13. Bb2 cxd4 14. Nxd4 a6
15. Qd3 Re8 16. Rad1 e5 17. Nf5 Qxd3 18. Nxe7+ Rxe7 19. Bxd3 e4 20. Rfe1 Bf5
21. f3 Rae8 22. Bxf6 gxf6 23. fxe4 Bxe4 24. Rxe4 Rxe4 25. Bxe4 Rxe4 26. Rd7 b6
27. Kf2 Kf8 28. Kf3 Re6 29. b4 Rc6 30. Rb7 Rxc4 31. Rxb6 Rc3+ 32. Ke4 Ra3 33.
Rxf6 Rxa2 34. Rxh6 Ra4 35. Kf3 Rxb4 36. Rxa6 Kg7 37. g4 f6 38. h4 Rb3+ 39. Kf4
Rb4+ 40. Kf5 Rb5+ 1/2-1/2

[Event "International Championship of Central S"]
[Site "Paracin"]
[Date "2014.07.07"]
[Round "4.21"]
[White "Ilic, Sladjan"]
[Black "Zarkovic, Milos"]
[Result "0-1"]
[WhiteElo "1978"]
[BlackElo "1822"]
[PlyCount "106"]
[EventDate "2014.07.04"]

1. e4 c5 2. d4 cxd4 3. c3 Nf6 4. e5 Nd5 5. Nf3 e6 6. Nxd4 d6 7. Bb5+ Bd7 8. Qe2
a6 9. Bxd7+ Nxd7 10. exd6 Bxd6 11. Nf5 Be5 12. Ng3 O-O 13. O-O Qc7 14. Na3 Rac8
15. Nc2 Nxc3 16. bxc3 Qxc3 17. Rb1 Qxc2 18. Qxc2 Rxc2 19. Rxb7 Nc5 20. Ra7 Rxa2
21. Be3 Nd3 22. Rd1 Nf4 23. Ne4 Nd5 24. Kf1 Nxe3+ 25. fxe3 h6 26. h3 Rc8 27.
Rd2 Rxd2 28. Nxd2 Rc2 29. Nf3 Bg3 30. Rxa6 Rf2+ 31. Kg1 Re2 32. Kf1 Rxe3 33.
Ra2 Kf8 34. Re2 Rxe2 35. Kxe2 Ke7 36. Nd4 h5 37. Kf3 h4 38. Kg4 f6 39. Ne2 Kd6
40. Nxg3 hxg3 41. Kxg3 Ke5 42. Kg4 g6 43. Kf3 g5 44. g3 Kf5 45. Ke3 Ke5 46. Kd3
f5 47. Ke2 Kd5 48. Kf3 Ke5 49. Ke2 f4 50. Kf3 fxg3 51. Kxg3 Kf5 52. Kf3 e5 53.
Ke3 e4 0-1

[Event "International Championship of Central S"]
[Site "Paracin"]
[Date "2014.07.07"]
[Round "4.22"]
[White "Stojkovic, Zoran"]
[Black "Kuzmanovic, Aleksa"]
[Result "1/2-1/2"]
[WhiteElo "1971"]
[BlackElo "1809"]
[PlyCount "96"]
[EventDate "2014.07.04"]

1. e4 c5 2. Nf3 d6 3. d4 cxd4 4. Nxd4 Nf6 5. Nc3 a6 6. Bg5 e6 7. f4 h6 8. Bh4
Qb6 9. Nb3 Qe3+ 10. Be2 Nxe4 11. Nxe4 Qxe4 12. O-O Nc6 13. Qd2 Qb4 14. Qd3 Be7
15. Be1 Qb6+ 16. Bf2 Qc7 17. Rae1 Bd7 18. Nd2 Nb4 19. Qd4 Nd5 20. Bf3 Nf6 21.
Re3 d5 22. Rc3 Bc6 23. Re1 Nd7 24. Bh5 O-O 25. Rg3 Bf6 26. Qe3 d4 27. Qe2 Qxf4
28. Rf1 Bb5 29. Nc4 Bxc4 30. Qxc4 Qe5 31. Bf3 Bh4 32. Bxd4 Bxg3 33. Bxe5 Nxe5
34. Qb3 Nxf3+ 35. Qxf3 Be5 36. b3 b5 37. Qe4 Bf6 38. Rd1 Rac8 39. c4 Rc5 40.
cxb5 axb5 41. Rd2 Rfc8 42. a4 bxa4 43. bxa4 Rc4 44. Qb7 R8c7 45. Qb8+ Rc8 46.
Qb5 R4c5 47. Qe2 Bc3 48. Rd1 Ba5 1/2-1/2

[Event "International Championship of Central S"]
[Site "Paracin"]
[Date "2014.07.07"]
[Round "4.23"]
[White "Dragojevic, Dragan"]
[Black "Djoric, Krsta"]
[Result "1/2-1/2"]
[WhiteElo "1953"]
[BlackElo "1801"]
[PlyCount "104"]
[EventDate "2014.07.04"]

1. e4 e5 2. Nf3 Nc6 3. Bc4 Bc5 4. c3 Nf6 5. b4 Bb6 6. d3 d6 7. O-O O-O 8. a4 a6
9. Bg5 Bg4 10. h3 Be6 11. Nbd2 Qd7 12. Bxf6 gxf6 13. Nh4 Kh8 14. Qf3 Qe7 15.
Kh2 Rg8 16. Rg1 Rg7 17. g4 Rag8 18. Rg3 Nb8 19. Nf1 Nd7 20. Nf5 Bxf5 21. gxf5
c6 22. Rg4 Bc7 23. Ng3 Nb6 24. Bb3 d5 25. Rxg7 Rxg7 26. Qh5 Nd7 27. Qh6 d4 28.
Nh5 Rg8 29. Rg1 Rxg1 30. Kxg1 Qf8 31. Qxf8+ Nxf8 32. cxd4 exd4 33. Bxf7 Nd7 34.
f4 Bd6 35. Be6 Nb6 36. Bb3 Nd7 37. b5 cxb5 38. axb5 axb5 39. Kf2 Nc5 40. Bc2 b4
41. Nxf6 b3 42. Bxb3 Nxd3+ 43. Kf3 Nxf4 44. h4 Nd3 45. Nd7 Ne5+ 46. Nxe5 Bxe5
47. Kg4 Kg7 48. Kg5 h6+ 49. Kh5 b5 50. Kg4 Kf6 51. Kf3 Bd6 52. Bc2 Ke5 1/2-1/2

[Event "International Championship of Central S"]
[Site "Paracin"]
[Date "2014.07.07"]
[Round "4.25"]
[White "Pavlovic, Slobodan Z"]
[Black "Radovanovic, Danko"]
[Result "1-0"]
[WhiteElo "1792"]
[BlackElo "1938"]
[PlyCount "49"]
[EventDate "2014.07.04"]

1. e4 e5 2. d4 exd4 3. c3 dxc3 4. Bc4 cxb2 5. Bxb2 d5 6. exd5 Nf6 7. Nc3 a6 8.
a3 Bd6 9. Nf3 O-O 10. O-O Bg4 11. Qd3 Nbd7 12. Ne4 Nxe4 13. Qxe4 Bxf3 14. gxf3
Qg5+ 15. Kh1 Qh5 16. f4 f5 17. Qg2 Qh6 18. Rg1 Nf6 19. Bd3 Nh5 20. Rae1 Nxf4
21. Qxg7+ Qxg7 22. Rxg7+ Kh8 23. Rxc7+ Kg8 24. Rg7+ Kh8 25. Rg6+ 1-0

[Event "International Championship of Central S"]
[Site "Paracin"]
[Date "2014.07.07"]
[Round "4.26"]
[White "Djordjevic, Lazar"]
[Black "Brankovan, Mario"]
[Result "0-1"]
[WhiteElo "1737"]
[BlackElo "1921"]
[PlyCount "90"]
[EventDate "2014.07.04"]

1. c4 c6 2. d4 Nf6 3. Nf3 g6 4. Nc3 d5 5. e3 Bg7 6. Qc2 O-O 7. Bd3 Nbd7 8. O-O
Re8 9. b3 e5 10. Nxe5 Nxe5 11. dxe5 Rxe5 12. cxd5 Nxd5 13. Bb2 Nb4 14. Qe2 Qxd3
15. Qf3 Qf5 16. Qe2 Re8 17. Rfd1 Be6 18. Rac1 Rad8 19. e4 Qg4 20. f3 Qg5 21. a3
Na6 22. b4 Bb3 23. Rxd8 Rxd8 24. Qf1 Rd2 25. f4 Qg4 26. h3 Qg3 27. Ba1 Bc4 28.
Qf3 Rxg2+ 29. Qxg2 Qe3+ 30. Kh2 Qxc1 31. b5 Qxf4+ 32. Qg3 Qxg3+ 33. Kxg3 Be5+
34. Kf3 cxb5 35. Bb2 Be6 36. h4 Nc5 37. Ke3 a5 38. Na4 Bxb2 39. Nxb2 f6 40. Kd4
b6 41. Ke3 Bb3 42. Kd4 Bc2 43. e5 fxe5+ 44. Kxe5 Nd3+ 45. Nxd3 Bxd3 0-1

[Event "International Championship of Central S"]
[Site "Paracin"]
[Date "2014.07.07"]
[Round "4.27"]
[White "Molcanov, Sergej"]
[Black "Petrovic, Tijana"]
[Result "1-0"]
[WhiteElo "1907"]
[BlackElo "1675"]
[PlyCount "67"]
[EventDate "2014.07.04"]

1. d4 d5 2. c4 c6 3. e3 Nf6 4. Nc3 e6 5. Nf3 Bd6 6. Bd3 Nbd7 7. e4 dxe4 8. Nxe4
Be7 9. O-O O-O 10. Qc2 Nxe4 11. Bxe4 g6 12. d5 exd5 13. cxd5 cxd5 14. Bxd5 Nf6
15. Bc4 Bf5 16. Qb3 Rc8 17. Bh6 b5 18. Bxf8 bxc4 19. Bxe7 Qxe7 20. Qa4 Be4 21.
Nd2 Bd5 22. Rac1 Qe2 23. Qd1 Qe7 24. f3 Qc5+ 25. Kh1 Qa5 26. Nb1 Qxa2 27. Nc3
Qa5 28. Qd4 Rc6 29. Nxd5 Qxd5 30. Qxa7 Qb5 31. Qd4 Nd5 32. Rfe1 Rc8 33. Re5 Rd8
34. Rd1 1-0

[Event "International Championship of Central S"]
[Site "Paracin"]
[Date "2014.07.07"]
[Round "4.28"]
[White "Blagojevic, Nikola"]
[Black "Farkas, Sandor I"]
[Result "0-1"]
[WhiteElo "1671"]
[BlackElo "1901"]
[PlyCount "66"]
[EventDate "2014.07.04"]

1. d4 Nf6 2. c4 g6 3. Nc3 Bg7 4. e4 d6 5. f3 O-O 6. Be3 Nbd7 7. Qd2 c5 8. d5 a6
9. g4 b5 10. cxb5 Qa5 11. h4 h5 12. gxh5 Nxh5 13. Kf2 Ne5 14. Nh3 axb5 15. Nxb5
Bxh3 16. Qxa5 Rxa5 17. Rxh3 Rb8 18. Be2 c4 19. Nd4 Rxb2 20. Nc6 Nxc6 21. dxc6
Rxe2+ 22. Kxe2 Bxa1 23. c7 Rxa2+ 24. Kd1 Ra8 25. Rh2 Rc8 26. Ra2 Be5 27. Ra7
Kf8 28. Bb6 Ke8 29. Ra4 c3 30. Rc4 Kd7 31. Ba5 Nf4 32. Bxc3 Bxc3 33. Rxc3 Rxc7
0-1

[Event "International Championship of Central S"]
[Site "Paracin"]
[Date "2014.07.07"]
[Round "4.30"]
[White "Emmanouilidis, Athanasios"]
[Black "Peycheva, Gergana"]
[Result "1/2-1/2"]
[WhiteElo "1880"]
[BlackElo "1672"]
[PlyCount "110"]
[EventDate "2014.07.04"]

1. d4 Nf6 2. c4 e6 3. Nc3 Bb4 4. a3 Bxc3+ 5. bxc3 b6 6. f3 Nc6 7. e3 Ba6 8. Bd3
Na5 9. Ne2 Bxc4 10. Bxc4 Nxc4 11. e4 O-O 12. Qa4 Na5 13. Bg5 d6 14. O-O Qd7 15.
Qc2 Ne8 16. f4 f5 17. Ng3 fxe4 18. Qxe4 d5 19. Qe2 Nd6 20. Rae1 Rae8 21. Qg4
Nac4 22. Nh5 Kh8 23. Rf3 Nf5 24. Rh3 c5 25. Qe2 cxd4 26. cxd4 Nxd4 27. Qd3 Nf5
28. g4 Nfd6 29. Qxh7+ Kxh7 30. Nf6+ Kg6 31. Nxd7 Rf7 32. Ne5+ Nxe5 33. Rxe5 Nc4
34. Re2 Rc7 35. Rh5 Kf7 36. Rf2 Ne3 37. h3 Rc1+ 38. Kh2 Rc2 39. Bh4 Rxf2+ 40.
Bxf2 Nc4 41. a4 a6 42. Bd4 b5 43. axb5 axb5 44. Rh7 Rg8 45. Bc5 Nd2 46. Kg2 Ne4
47. Bd4 b4 48. Rh5 b3 49. f5 Rc8 50. fxe6+ Kxe6 51. Bxg7 Rc2+ 52. Kf3 b2 53.
Rh6+ Kf7 54. Bxb2 Rxb2 55. Ke3 Rb4 1/2-1/2